| 000 | 01656cam a2200337 i 4500 | ||
|---|---|---|---|
| 001 | 17651638 | ||
| 003 | OSt | ||
| 005 | 20180116192423.0 | ||
| 008 | 130308s2014 enka b 001 0 eng | ||
| 010 | _a 2013007890 | ||
| 020 | _a9780415524889 (hbk) | ||
| 020 | _a9780415524896 (pbk) | ||
| 020 | _z9780203109519 (ebk) | ||
| 040 |
_aDLC _beng _cDLC _erda _dDLC |
||
| 042 | _apcc | ||
| 050 | 0 | 0 |
_aHC79.E5 _bB577 2014 |
| 082 | 0 | 0 |
_a338.927 _223 |
| 100 | 1 |
_aBlewitt, John, _d1957- _97642 |
|
| 245 | 1 | 0 |
_aSearching for resilience in sustainable development : _blearning journeys in conservation / _cJohn Blewitt and Daniella Tilbury. |
| 260 |
_aAbingdon, Oxon : _bRoutledge, _c2014 |
||
| 300 |
_axx, 188 pages : _billustrations ; _c24 cm |
||
| 504 | _aIncludes bibliographical references (pages [164]-183) and index. | ||
| 505 | 0 | _aIntroduction: learning journeys and resilience in times of change -- Resilience in theory and practice -- Shifting tactics?: testing the resilience of a movement -- Contesting market logics -- Regenerative and resilient eco-cities -- Risks, transition and an ecology of circumstances -- Education and conservation: building social resilience -- Resilience, sustainability and the utopian future -- Destinations: humpty dumpty and the search for resilience. | |
| 650 | 0 |
_aSustainable development. _97643 |
|
| 650 | 0 |
_aSustainability. _97644 |
|
| 650 | 0 |
_aHuman ecology. _97645 |
|
| 700 | 1 |
_aTilbury, Daniella. _97646 |
|
| 906 |
_a7 _bcbc _corignew _d1 _eecip _f20 _gy-gencatlg |
||
| 942 |
_2ddc _cBK |
||
| 999 |
_c353979 _d353979 |
||